| 000 | 01713cam a2200433Mc 4500 | ||
|---|---|---|---|
| 003 | PE-LiUPU | ||
| 005 | 20250731184050.0 | ||
| 008 | 140204s2014 mdu b 001 0 eng d | ||
| 020 | _a1442227583 | ||
| 020 | _a9781442227583 | ||
| 035 | _a(Sirsi) i9781442227583 | ||
| 040 |
_aPE-LiUPU _bspa _cPE-LiUPU _erda |
||
| 049 | _aPRUA | ||
| 082 | 0 | 0 |
_a808.042 _bS74 |
| 100 | 1 |
_aSpencer, Linda, _d1943- |
|
| 245 | 1 | 0 |
_aWriting well in the 21st century _bthe five essentials _cLinda Spencer. |
| 264 | 1 |
_aLanham, Md. _bRowman & Littlefield _c2014 |
|
| 300 |
_avii, 156 páginas. ; _c23 centímetros |
||
| 336 |
_atext _2rdacontent |
||
| 337 |
_aunmediated _2rdamedia |
||
| 338 |
_avolume _2rdacarrier |
||
| 504 | _aBibliografía : páginas 145-147 | ||
| 504 | _aÍndice: páginas 149-156 | ||
| 505 | 0 | _aPunctuation, the choicesGrammar, clarity, clarity, clarity -- Facts, the acceptable and the unacceptable -- Style, create unique writing -- Voice, every writer's goal -- One final word. | |
| 526 | _aP145 | ||
| 526 | _aP127 | ||
| 526 | _aP97 | ||
| 526 | _aP14 | ||
| 526 | _aP07 | ||
| 541 | _g003-0000802; | ||
| 650 | 0 | _aArtes del lenguaje. | |
| 650 | 0 | _aReporte escrito. | |
| 910 |
_ajck _bbpc _cbpc _d20160615 |
||
| 942 |
_2ddc _cBOOK |
||
| 949 |
_a808.042 S74 _wDEWEY _c1 _i73434 _lCCODEBUL1 _mBUL _r0 _sY _tBOOK _u2016-6-15 _xEDUCACION _PP35 _0COMPRA _o.STAFF. Colección General |
||
| 994 |
_aC0 _bPEPRU |
||
| 596 | _a1 | ||
| 999 |
_a808.042 S74 _wDEWEY _c9972 _i73434 _d9972 _e2019-4-11 _f2021-11-9 _g5 _lCCODEBUL1 _mBUL _n3 _q1 _r0 _sY _tBOOK _u2016-6-15 _xEDUCACION _PP35 _0COMPRA _o.STAFF. Colección General |
||
| 980 |
_81 _gALBERTO SANCHEZ Responsable de Automatización |
||